|
|
|
|
| LEADER |
00000nab a2200000 a 4500 |
| 001 |
vtls010068033 |
| 003 |
SK-MaSNL |
| 005 |
20260304174345.0 |
| 008 |
250507c1992 xo 0 slo |
| 015 |
|
|
|a SNBRA2010/02
|
| 035 |
|
|
|a urn:nbn:sk:snk-ab81vq
|
| 035 |
|
|
|a (urnnbn)urn:nbn:sk:snk:ar-0062y4
|
| 035 |
|
|
|a (uuid)f4a11851-244d-4921-b3a4-b270b7d382e1
|
| 040 |
|
|
|a SNKBUCL
|b slo
|c SNKBUCL
|e AACR2
|
| 041 |
0 |
|
|a slo
|
| 044 |
|
|
|a xo
|c SK
|
| 080 |
|
|
|a 82-051
|2 2001
|
| 080 |
|
|
|a 929 Hronský, Jozef Cíger
|2 2001
|
| 080 |
|
|
|a 061.3
|2 2001
|
| 100 |
1 |
|
|a Rezník, Jaroslav,
|d 1942-
|4 aut
|9 100140
|
| 245 |
1 |
0 |
|a Pozdravy
|c Jaroslav Rezník
|
| 600 |
1 |
7 |
|a Hronský, Jozef Cíger,
|d 1896-1960
|2 snkbucl
|9 89812
|
| 650 |
0 |
7 |
|a semináre
|2 snkbucl
|9 18562
|
| 655 |
|
7 |
|a príhovory
|2 snkbucl
|9 75648
|
| 655 |
|
7 |
|a články zo zborníkov
|2 snkbucl
|9 166140
|
| 773 |
0 |
|
|t Biografické štúdie 19
|d Martin : Matica slovenská, 1992
|g S. 10-11
|z 8070900970
|
| 850 |
|
|
|a Slovenská národná knižnica
|
| 852 |
|
|
|a Slovenská národná knižnica
|
| 856 |
4 |
1 |
|u http://www.snk.sk/images/Edicna_cinnost/Zborniky/Biograficke_studie/19/Bio_stu_19_10_11.pdf
|
| 954 |
|
|
|a odborná, vedecká literatúra cudzojazyčná (svetová)
|2 lita
|
| 958 |
|
|
|a article9
|
| 958 |
|
|
|a LX
|
| 958 |
|
|
|a BX
|
| 958 |
|
|
|a OND
|
| 958 |
|
|
|a EUIPO
|
| 999 |
|
|
|c 3008313
|d 3010243
|